000 00830cam a2200229 4500
001 WB3642-11
008 000000n2000 000 0 eng u
035 _a(Sirsi) u108944
245 _aOpposition to out of town
260 _c2000
490 _aUrban Environment Today
_v(107) 19 October 2000, 4(1)
520 _aA report by the Greater London Authority opposes future proposals for out of town retail and leisure developments. The report calls for higher housing density in places of existing public transport networks, and a ban on building on playing fields.
590 _aWB
650 _aTOWN CENTRES
650 _aHOUSING DENSITY
650 _aPLANNING POLICY
650 _aOUT OF TOWN DEVELOPMENT
650 _aGLA
650 _aGREATER LONDON AUTHORITY
690 _aDEVELOPMENT-SUSTAINABLE
942 _n0
999 _c65052
_d65052